[Event "Festival de Calviá 2016 - Aficionados"]
[Site "Calvia ESP"]
[Date "2016.10.16"]
[Round "9.6"]
[White "Wahlund, Max"]
[Black "Greiff, Hakan"]
[Result "0-1"]
[WhiteElo "2080"]
[BlackElo "2212"]
[PlyCount "58"]
[EventDate "2016.10.08"]
[EventType "swiss"]
[EventRounds "9"]
[EventCountry "ESP"]
[SourceTitle "Ajedrez en Madrid"]
[Source "lmi"]
[SourceDate "2016.10.08"]

1. e4 e5 2. Nf3 Nc6 3. Nc3 Nf6 4. Nxe5 Nxe5 5. d4 Ng6 6. e5 Ng8 7. Bc4 Bb4 8.
Qf3 Qe7 9. O-O Bxc3 10. bxc3 Nh6 11. g3 O-O 12. h4 d5 13. Bxd5 c6 14. Bb3 Be6
15. Bxh6 gxh6 16. Qh5 Kg7 17. f4 Bxb3 18. f5 f6 19. axb3 Nxe5 20. Rae1 Qf7 21.
Qd1 Nd7 22. Re6 Rfe8 23. Rfe1 Nf8 24. c4 Nxe6 25. fxe6 Qg6 26. Kh2 Rad8 27. d5
cxd5 28. cxd5 Qf5 29. c4 Rxe6 0-1

[Event "Festival de Calviá 2016 - Aficionados"]
[Site "Calvia ESP"]
[Date "2016.10.16"]
[Round "9.7"]
[White "Bebchuk, Boris"]
[Black "Walton, Alan J"]
[Result "0-1"]
[WhiteElo "2125"]
[BlackElo "2198"]
[PlyCount "76"]
[EventDate "2016.10.08"]
[EventType "swiss"]
[EventRounds "9"]
[EventCountry "ESP"]
[SourceTitle "Ajedrez en Madrid"]
[Source "lmi"]
[SourceDate "2016.10.08"]

1. d4 d5 2. c4 e6 3. Nc3 c5 4. cxd5 exd5 5. Nf3 Nc6 6. g3 Nf6 7. Bg2 Be7 8. O-O
O-O 9. Bg5 c4 10. b3 h6 11. Bxf6 Bxf6 12. e3 Bg4 13. h3 Bh5 14. bxc4 dxc4 15.
Qa4 Rc8 16. Ne4 Re8 17. Nxf6+ Qxf6 18. g4 Bg6 19. Qxc4 Be4 20. Qe2 h5 21. gxh5
Qh6 22. Rac1 Qxh5 23. Rc5 f5 24. Qc4+ Kh7 25. Nh2 b6 26. f3 bxc5 27. fxe4 cxd4
28. exf5 dxe3 29. Bxc6 e2 30. Re1 Qxh3 31. Nf3 Qg3+ 32. Kh1 Qxf3+ 33. Bxf3 Rxc4
34. Kg2 Kh6 35. Kf2 Kg5 36. Bxe2 Rc2 37. Rg1+ Kxf5 38. Re1 Rxa2 0-1

[Event "Festival de Calviá 2016 - Aficionados"]
[Site "Calvia ESP"]
[Date "2016.10.16"]
[Round "9.8"]
[White "Jekabsons, Ivars"]
[Black "Frey, Armin"]
[Result "1-0"]
[WhiteElo "2126"]
[BlackElo "2002"]
[PlyCount "73"]
[EventDate "2016.10.08"]
[EventType "swiss"]
[EventRounds "9"]
[EventCountry "ESP"]
[SourceTitle "Ajedrez en Madrid"]
[Source "lmi"]
[SourceDate "2016.10.08"]

1. e4 c5 2. Nf3 Nc6 3. d4 cxd4 4. Nxd4 e6 5. c4 Nf6 6. Nc3 d6 7. Be3 Be7 8. Be2
O-O 9. O-O a6 10. Qd2 Qc7 11. Rac1 b6 12. f4 Bd7 13. Bf3 Rac8 14. b3 Qb8 15. a4
Rfe8 16. Kh1 Na5 17. Qa2 h6 18. Nb1 Nc6 19. Nxc6 Bxc6 20. Nc3 Nd7 21. b4 Bb7
22. Qb3 Nf6 23. Bxb6 Bxe4 24. a5 Bd3 25. Be2 Bxe2 26. Nxe2 Ne4 27. Qe3 Qb7 28.
Nd4 e5 29. Nf5 exf4 30. Nxe7+ Rxe7 31. Rxf4 Rce8 32. Qd4 Ng5 33. Qxd6 Rd7 34.
Qc5 Re2 35. Rg4 Ne4 36. Qg1 Nf2+ 37. Bxf2 1-0

[Event "Festival de Calviá 2016 - Aficionados"]
[Site "Calvia ESP"]
[Date "2016.10.16"]
[Round "9.9"]
[White "Alemany Jara, Alejandro"]
[Black "Schenk Papke, Andres"]
[Result "1-0"]
[WhiteElo "1989"]
[BlackElo "2095"]
[PlyCount "67"]
[EventDate "2016.10.08"]
[EventType "swiss"]
[EventRounds "9"]
[EventCountry "ESP"]
[SourceTitle "Ajedrez en Madrid"]
[Source "lmi"]
[SourceDate "2016.10.08"]

1. e4 c5 2. g3 d5 3. exd5 Qxd5 4. Nf3 Bg4 5. Be2 Nc6 6. Nc3 Qd7 7. d3 Nf6 8.
Be3 e5 9. Nd2 Be6 10. Bf3 Nd4 11. Nde4 Nxe4 12. dxe4 Be7 13. Nd5 O-O 14. c3
Bxd5 15. exd5 Nxf3+ 16. Qxf3 f5 17. O-O-O c4 18. d6 Bf6 19. Qd5+ Kh8 20. Qxc4
Rfc8 21. Qb3 b5 22. Kb1 a5 23. Rd5 b4 24. cxb4 axb4 25. Rhd1 Rc6 26. Qxb4 Rca6
27. a3 Qd8 28. Rb5 h6 29. d7 Ra4 30. Qb3 R4a6 31. Bb6 Qf8 32. d8=Q Bxd8 33.
Rxd8 Rxd8 34. Bxd8 1-0

[Event "Festival de Calviá 2016 - Aficionados"]
[Site "Calvia ESP"]
[Date "2016.10.16"]
[Round "9.11"]
[White "Garcia Del Rey, Senen"]
[Black "Grichkevitch, Gilles"]
[Result "1-0"]
[WhiteElo "2253"]
[BlackElo "2016"]
[PlyCount "67"]
[EventDate "2016.10.08"]
[EventType "swiss"]
[EventRounds "9"]
[EventCountry "ESP"]
[SourceTitle "Ajedrez en Madrid"]
[Source "lmi"]
[SourceDate "2016.10.08"]

1. g3 g6 2. Bg2 Bg7 3. c4 e5 4. Nc3 Nc6 5. e3 d6 6. Nge2 f5 7. d3 Nh6 8. O-O
O-O 9. Rb1 Kh8 10. Nd5 Ne7 11. b4 g5 12. f4 gxf4 13. exf4 Ng6 14. b5 Be6 15. h3
Qd7 16. Nb4 e4 17. Bb2 Bxb2 18. Rxb2 Qf7 19. Nd4 Bc8 20. Nd5 Qg7 21. dxe4 fxe4
22. Re2 c6 23. bxc6 bxc6 24. Ne3 Ne7 25. g4 d5 26. cxd5 cxd5 27. Rc2 Rb8 28.
Rc7 Rb4 29. Nc6 Qc3 30. Nxb4 Qxe3+ 31. Kh1 Qb6 32. Rxe7 Qxb4 33. Qa1+ d4 34.
Rxe4 1-0

[Event "Festival de Calviá 2016 - Aficionados"]
[Site "Calvia ESP"]
[Date "2016.10.16"]
[Round "9.12"]
[White "Tscharotschkin, Michael"]
[Black "Fichtinger, Leopold"]
[Result "1-0"]
[WhiteElo "2211"]
[BlackElo "1951"]
[PlyCount "41"]
[EventDate "2016.10.08"]
[EventType "swiss"]
[EventRounds "9"]
[EventCountry "ESP"]
[SourceTitle "Ajedrez en Madrid"]
[Source "lmi"]
[SourceDate "2016.10.08"]

1. e4 c5 2. c3 d6 3. d4 Nf6 4. Bd3 g6 5. Nf3 Bg7 6. e5 Nd5 7. Be4 e6 8. Bg5 Qd7
9. Bxd5 exd5 10. exd6 cxd4 11. O-O O-O 12. Be7 dxc3 13. Bxf8 c2 14. Qxc2 Kxf8
15. Nc3 Qxd6 16. Nxd5 Nc6 17. Rad1 Bf5 18. Qa4 Ne5 19. Nxe5 Bxe5 20. Nc3 Bd7
21. Qxd7 1-0

[Event "Festival de Calviá 2016 - Aficionados"]
[Site "Calvia ESP"]
[Date "2016.10.16"]
[Round "9.13"]
[White "Navarrete Terrasa, Sebastian"]
[Black "Cip, Dalibor"]
[Result "0-1"]
[WhiteElo "2009"]
[BlackElo "2141"]
[PlyCount "78"]
[EventDate "2016.10.08"]
[EventType "swiss"]
[EventRounds "9"]
[EventCountry "ESP"]
[SourceTitle "Ajedrez en Madrid"]
[Source "lmi"]
[SourceDate "2016.10.08"]

1. e4 c5 2. Nc3 d6 3. g3 g6 4. Bg2 Bg7 5. d3 Nc6 6. Be3 Rb8 7. Qd2 b5 8. Nf3 b4
9. Nd1 Nd4 10. O-O Qa5 11. Ne1 e5 12. h3 Ne7 13. Bh6 O-O 14. Bxg7 Kxg7 15. Ne3
Be6 16. f4 f6 17. Kh2 exf4 18. gxf4 Bg8 19. Nf3 Nxf3+ 20. Bxf3 Qc7 21. h4 Rfe8
22. Rg1 d5 23. Nf5+ Nxf5 24. exf5 Bf7 25. Kh1 Qd7 26. Bg4 d4 27. Rg3 Qd5+ 28.
Kh2 Re7 29. fxg6 hxg6 30. Bf3 Qd7 31. Be4 f5 32. Bf3 Rh8 33. h5 Re3 34. Qg2 Qd6
35. Kg1 Qxf4 36. Rxg6+ Kf8 37. Rg3 Qe5 38. Kf2 c4 39. Bd1 Bd5 0-1

[Event "Festival de Calviá 2016 - Aficionados"]
[Site "Calvia ESP"]
[Date "2016.10.16"]
[Round "9.14"]
[White "Melderis, Uldis"]
[Black "Asensio Ramos, Enrique Fernand"]
[Result "1/2-1/2"]
[WhiteElo "1969"]
[BlackElo "2077"]
[PlyCount "39"]
[EventDate "2016.10.08"]
[EventType "swiss"]
[EventRounds "9"]
[EventCountry "ESP"]
[SourceTitle "Ajedrez en Madrid"]
[Source "lmi"]
[SourceDate "2016.10.08"]

1. d4 Nf6 2. Nf3 c5 3. dxc5 Qa5+ 4. Nbd2 Qxc5 5. e3 d5 6. c4 e6 7. Be2 Be7 8.
O-O O-O 9. b3 dxc4 10. Nxc4 Rd8 11. Qc2 Nc6 12. Rd1 Rxd1+ 13. Qxd1 b5 14. Ba3
b4 15. Bb2 Ba6 16. Rc1 Rd8 17. Qc2 Na5 18. Bd4 Qc7 19. Be5 Qc5 20. Bd4 1/2-1/2

[Event "Festival de Calviá 2016 - Aficionados"]
[Site "Calvia ESP"]
[Date "2016.10.16"]
[Round "9.15"]
[White "Satre, Mathias"]
[Black "Lazarte Anello, David Emiliano"]
[Result "0-1"]
[WhiteElo "1974"]
[BlackElo "2052"]
[PlyCount "74"]
[EventDate "2016.10.08"]
[EventType "swiss"]
[EventRounds "9"]
[EventCountry "ESP"]
[SourceTitle "Ajedrez en Madrid"]
[Source "lmi"]
[SourceDate "2016.10.08"]

1. e4 c5 2. Nc3 Nc6 3. g3 g6 4. Bg2 Bg7 5. d3 e6 6. Be3 Nd4 7. Qd2 d6 8. Nd1 h6
9. c3 Nc6 10. d4 cxd4 11. cxd4 d5 12. exd5 exd5 13. Nc3 Nge7 14. Nge2 g5 15. h4
f6 16. b3 Be6 17. O-O-O Qd7 18. hxg5 hxg5 19. Kb2 O-O-O 20. Nc1 Nf5 21. Na4 b6
22. Nd3 Nxe3 23. Qxe3 Rxh1 24. Bxh1 Bf8 25. Rc1 Kb8 26. Nc3 Bf7 27. Ne2 Bd6 28.
Rc2 Re8 29. Qc1 Qf5 30. Qd2 Rxe2 31. Qxe2 Nxd4 32. Qd2 Nxc2 33. Kxc2 Bg6 34. g4
Qxg4 35. Bxd5 Qd4 36. Bg2 Bb4 37. Qe2 Qc3+ 0-1

[Event "Festival de Calviá 2016 - Aficionados"]
[Site "Calvia ESP"]
[Date "2016.10.16"]
[Round "9.16"]
[White "Guski, Dietmar"]
[Black "Ruiz Vinals, Matias"]
[Result "1-0"]
[WhiteElo "2034"]
[BlackElo "1983"]
[PlyCount "37"]
[EventDate "2016.10.08"]
[EventType "swiss"]
[EventRounds "9"]
[EventCountry "ESP"]
[SourceTitle "Ajedrez en Madrid"]
[Source "lmi"]
[SourceDate "2016.10.08"]

1. e4 c5 2. Nf3 d6 3. d4 cxd4 4. Qxd4 Nf6 5. Nc3 Nc6 6. Bb5 Bd7 7. Bxc6 Bxc6 8.
Bg5 e6 9. O-O-O Be7 10. Rhe1 h6 11. Bh4 g5 12. Bg3 e5 13. Nxe5 dxe5 14. Qxe5
Qb6 15. Nd5 Bxd5 16. exd5 O-O-O 17. Qxe7 Rd7 18. Qe5 Rdd8 19. Rd3 1-0

[Event "Festival de Calviá 2016 - Aficionados"]
[Site "Calvia ESP"]
[Date "2016.10.16"]
[Round "9.19"]
[White "Martinez Lopez, Jaime"]
[Black "Mitenieks, Matiss"]
[Result "1-0"]
[WhiteElo "2063"]
[BlackElo "1934"]
[PlyCount "47"]
[EventDate "2016.10.08"]
[EventType "swiss"]
[EventRounds "9"]
[EventCountry "ESP"]
[SourceTitle "Ajedrez en Madrid"]
[Source "lmi"]
[SourceDate "2016.10.08"]

1. d4 d5 2. c4 e6 3. Nc3 c6 4. cxd5 exd5 5. Nf3 f5 6. Bg5 Nf6 7. e3 Be7 8. Bd3
O-O 9. Qc2 Ne4 10. Bxe7 Qxe7 11. O-O Nd7 12. Rae1 g5 13. Nd2 Qg7 14. Kh1 Ndf6
15. f3 Nd6 16. e4 fxe4 17. fxe4 dxe4 18. Ndxe4 Ndxe4 19. Nxe4 Nd5 20. Rxf8+
Kxf8 21. Nd6 Qxd4 22. Re8+ Kg7 23. Rxc8 Rxc8 24. Nf5+ 1-0

[Event "Festival de Calviá 2016 - Aficionados"]
[Site "Calvia ESP"]
[Date "2016.10.16"]
[Round "9.20"]
[White "Cemborain Oricain, Alfonso"]
[Black "Slovak, Pavel"]
[Result "0-1"]
[WhiteElo "1945"]
[BlackElo "2062"]
[PlyCount "64"]
[EventDate "2016.10.08"]
[EventType "swiss"]
[EventRounds "9"]
[EventCountry "ESP"]
[SourceTitle "Ajedrez en Madrid"]
[Source "lmi"]
[SourceDate "2016.10.08"]

1. e4 c5 2. c3 d5 3. exd5 Qxd5 4. d4 Nf6 5. Nf3 Bg4 6. Be2 e6 7. O-O Be7 8. Be3
cxd4 9. cxd4 O-O 10. Nc3 Qd8 11. Qb3 Qb6 12. Qxb6 axb6 13. h3 Bh5 14. g4 Bg6
15. Ne5 Nc6 16. Nc4 Nb4 17. Nxb6 Rad8 18. Rfd1 Nc2 19. Rac1 Nxe3 20. fxe3 Ne4
21. Bf3 Nd6 22. Ne2 Bg5 23. Nf4 Be4 24. Kf2 f5 25. Bxe4 fxe4 26. Kg3 Bxf4+ 27.
exf4 g5 28. fxg5 e3 29. d5 Ne4+ 30. Kg2 Rf2+ 31. Kg1 Nxg5 32. Re1 Nf3+ 0-1

[Event "Festival de Calviá 2016 - Aficionados"]
[Site "Calvia ESP"]
[Date "2016.10.16"]
[Round "9.24"]
[White "Dugailliez, Guy"]
[Black "Cerdo Fernandez, Miguel"]
[Result "1-0"]
[WhiteElo "1999"]
[BlackElo "1880"]
[PlyCount "87"]
[EventDate "2016.10.08"]
[EventType "swiss"]
[EventRounds "9"]
[EventCountry "ESP"]
[SourceTitle "Ajedrez en Madrid"]
[Source "lmi"]
[SourceDate "2016.10.08"]

1. e4 c5 2. Nf3 Nc6 3. Bb5 d6 4. Bxc6+ bxc6 5. d4 cxd4 6. Qxd4 e6 7. O-O d5 8.
Qa4 Bd7 9. Ne5 Nf6 10. Nc3 Be7 11. Nxd7 Qxd7 12. e5 Ng8 13. Qg4 g6 14. Re1 h5
15. Qe2 Nh6 16. b3 Nf5 17. Bb2 O-O 18. Rad1 Kg7 19. h3 c5 20. Nxd5 Nd4 21. Bxd4
Qxd5 22. c4 Qc6 23. Bc3 a5 24. Rd3 a4 25. Red1 axb3 26. axb3 Ra3 27. Rd7 Bg5
28. R1d6 Qc8 29. Qb2 Ra8 30. g3 Rd8 31. Rxd8 Bxd8 32. Qd2 Be7 33. Rd7 Bg5 34.
Qd6 Ra2 35. Qxe6 Qf8 36. Qd5 Be7 37. e6+ Kh6 38. exf7 Rc2 39. Bd2+ Kg7 40. Qd3
Ra2 41. Bc3+ Kh7 42. Qe3 Rc2 43. Qxe7 Rc1+ 44. Kh2 1-0

[Event "Festival de Calviá 2016 - Aficionados"]
[Site "Calvia ESP"]
[Date "2016.10.16"]
[Round "9.25"]
[White "Bosschem, Eddy"]
[Black "Bryant, Richard B E"]
[Result "1/2-1/2"]
[WhiteElo "1881"]
[BlackElo "1998"]
[PlyCount "72"]
[EventDate "2016.10.08"]
[EventType "swiss"]
[EventRounds "9"]
[EventCountry "ESP"]
[SourceTitle "Ajedrez en Madrid"]
[Source "lmi"]
[SourceDate "2016.10.08"]

1. d4 d5 2. Nf3 Nf6 3. Bf4 c6 4. e3 Bf5 5. c4 e6 6. Nc3 Be7 7. h3 h6 8. Bd3
Bxd3 9. Qxd3 Nbd7 10. O-O O-O 11. a3 Nh5 12. Bh2 f5 13. b4 Nhf6 14. Rfd1 Ne4
15. b5 Rc8 16. bxc6 bxc6 17. c5 Qa5 18. Rdc1 Bf6 19. Qc2 Ndxc5 20. Nxe4 fxe4
21. Qxc5 Qxc5 22. Rxc5 exf3 23. Rac1 fxg2 24. Rxc6 Rxc6 25. Rxc6 Bh4 26. f4 Re8
27. Kxg2 Kf7 28. Bg3 Bd8 29. Be1 Bb6 30. Bb4 Kf6 31. Kf3 Rb8 32. Bd6 Rb7 33.
Rc8 Ba5 34. Rc5 Be1 35. Rc1 Bh4 36. Rc7 Rxc7 1/2-1/2

[Event "Festival de Calviá 2016 - Aficionados"]
[Site "Calvia ESP"]
[Date "2016.10.16"]
[Round "9.26"]
[White "Mut Company, Guillem"]
[Black "Holliman, Bob"]
[Result "1/2-1/2"]
[WhiteElo "1980"]
[BlackElo "1877"]
[PlyCount "101"]
[EventDate "2016.10.08"]
[EventType "swiss"]
[EventRounds "9"]
[EventCountry "ESP"]
[SourceTitle "Ajedrez en Madrid"]
[Source "lmi"]
[SourceDate "2016.10.08"]

1. d4 d5 2. c4 c6 3. Nc3 Nf6 4. Nf3 dxc4 5. a4 Bf5 6. Ne5 e6 7. f3 Nbd7 8. e4
Bg6 9. Nxg6 hxg6 10. Bxc4 Qc7 11. f4 Bb4 12. Qf3 c5 13. d5 exd5 14. exd5 O-O-O
15. O-O Bxc3 16. Qxc3 Nb6 17. Rd1 Nbxd5 18. Qe5 Rhe8 19. Qxc7+ Kxc7 20. b3 Re7
21. g3 Nc3 22. Rxd8 Kxd8 23. Bb2 Ne2+ 24. Kf2 Nd4 25. Rd1 Ng4+ 26. Kg1 Ne3 27.
Rd3 Nxc4 28. Bxd4 Rd7 29. bxc4 cxd4 30. Kf2 Kc7 31. Ke2 Kc6 32. Rb3 a6 33. Kd3
Kc5 34. a5 f6 35. Rb2 Re7 36. Rb6 g5 37. fxg5 fxg5 38. g4 Re3+ 39. Kd2 Rh3 40.
Rxb7 Rxh2+ 41. Kd3 Rh3+ 42. Kc2 Kxc4 43. Rc7+ Kb4 44. Rxg7 Kxa5 45. Rxg5+ Kb4
46. Rg8 a5 47. Rb8+ Kc4 48. Rc8+ Kd5 49. Rd8+ Ke4 50. Re8+ Kf4 51. Rd8 1/2-1/2

[Event "Festival de Calviá 2016 - Aficionados"]
[Site "Calvia ESP"]
[Date "2016.10.16"]
[Round "9.34"]
[White "Drillat, Michel"]
[Black "Driessen Llado, Pedro"]
[Result "0-1"]
[WhiteElo "1862"]
[BlackElo "1647"]
[PlyCount "106"]
[EventDate "2016.10.08"]
[EventType "swiss"]
[EventRounds "9"]
[EventCountry "ESP"]
[SourceTitle "Ajedrez en Madrid"]
[Source "lmi"]
[SourceDate "2016.10.08"]

1. d4 Nf6 2. c4 e6 3. Nf3 b6 4. Nc3 Bb4 5. Bg5 Bb7 6. e3 O-O 7. Bd3 h6 8. Bh4
d5 9. O-O Nbd7 10. Rc1 Be7 11. Qe2 Ne4 12. Bxe7 Qxe7 13. cxd5 exd5 14. Ba6 Bxa6
15. Qxa6 Nxc3 16. Rxc3 c5 17. Rfc1 Rfc8 18. h3 Rc7 19. Qa3 Rac8 20. b3 Nf8 21.
Ne5 f6 22. Nd3 Ne6 23. R3c2 Kf7 24. g3 cxd4 25. Qxe7+ Kxe7 26. Rxc7+ Rxc7 27.
Rxc7+ Nxc7 28. exd4 Nb5 29. Nb4 Nxd4 30. Nxd5+ Kd6 31. Nf4 Ke5 32. h4 g5 33.
hxg5 hxg5 34. Ng2 Ne2+ 35. Kf1 Nc1 36. Ke1 Nxa2 37. Kd2 Kd4 38. f4 Nc3 39. fxg5
fxg5 40. g4 Ne4+ 41. Ke2 a5 42. Ne3 b5 43. Nf5+ Kc3 44. Ke3 Nf6 45. Nd6 Nxg4+
46. Kf3 Ne5+ 47. Ke4 Nc6 48. Nxb5+ Kxb3 49. Kf5 a4 50. Kxg5 Kb4 51. Nd6 a3 52.
Nf5 a2 53. Ne3 Nd4 0-1

[Event "Festival de Calviá 2016 - Aficionados"]
[Site "Calvia ESP"]
[Date "2016.10.16"]
[Round "9.35"]
[White "Labarthe, Francois"]
[Black "Andreu Lopez, Santiago"]
[Result "0-1"]
[WhiteElo "1645"]
[BlackElo "1827"]
[PlyCount "126"]
[EventDate "2016.10.08"]
[EventType "swiss"]
[EventRounds "9"]
[EventCountry "ESP"]
[SourceTitle "Ajedrez en Madrid"]
[Source "lmi"]
[SourceDate "2016.10.08"]

1. b3 d5 2. Bb2 c5 3. e3 Nc6 4. Bb5 a6 5. Bxc6+ bxc6 6. Ne2 Bg4 7. f3 Bf5 8. d3
Nf6 9. O-O Qc7 10. c4 e5 11. e4 Bg6 12. Nbc3 Rd8 13. Qe1 d4 14. Nd1 Bd6 15. Bc1
Nd7 16. f4 exf4 17. Nxf4 Ne5 18. h3 O-O 19. Qe2 Rde8 20. Nf2 f5 21. Nxg6 Nxg6
22. Qh5 Bh2+ 23. Kh1 fxe4 24. dxe4 Rxe4 25. Ba3 Re5 26. Qg4 Ref5 27. Qe2 Nf4
28. Qe4 Nxh3 29. gxh3 Rxf2 30. Qe6+ Qf7 31. Qxf7+ R8xf7 32. Rxf2 Rxf2 33. Bxc5
Be5 34. Rd1 Rf4 35. Kg2 Kf7 36. b4 Ke6 37. a4 h5 38. Rd3 Kf5 39. b5 cxb5 40.
cxb5 axb5 41. axb5 Ke4 42. Rd1 Kd5 43. Ba3 Kc4 44. b6 d3 45. b7 g6 46. Bb2 Bb8
47. Rc1+ Kb3 48. Rc8 d2 49. Rd8 Kc2 50. Rxb8 d1=Q 51. Rc8+ Kb1 52. Rc1+ Qxc1
53. Bxc1 Rb4 54. Bg5 Rxb7 55. Kf3 Rf7+ 56. Ke4 Kc2 57. h4 Kd1 58. Kd3 Ke1 59.
Ke3 Kf1 60. Ke4 Kg2 61. Ke5 Kf3 62. Bf6 Kg4 63. Ke6 Rxf6+ 0-1

[Event "Festival de Calviá 2016 - Aficionados"]
[Site "Calvia ESP"]
[Date "2016.10.16"]
[Round "9.47"]
[White "Gaya Torrens, Miguel"]
[Black "Rossello Sanchez, Bartolome"]
[Result "1-0"]
[WhiteElo "1689"]
[BlackElo "1510"]
[PlyCount "69"]
[EventDate "2016.10.08"]
[EventType "swiss"]
[EventRounds "9"]
[EventCountry "ESP"]
[SourceTitle "Ajedrez en Madrid"]
[Source "lmi"]
[SourceDate "2016.10.08"]

1. d4 b6 2. e4 Bb7 3. Bd3 e6 4. c4 d6 5. Nc3 Be7 6. Nf3 Nd7 7. Bf4 a6 8. O-O g5
9. Bg3 h5 10. h3 g4 11. hxg4 hxg4 12. Nh2 Bh4 13. Qxg4 Bxg3 14. Qxg3 Qf6 15.
Nf3 O-O-O 16. Qg5 Ne7 17. Qxf6 Nxf6 18. d5 Rdg8 19. Rfe1 Rh3 20. g3 Nh5 21. Bf1
Nxg3 22. Bxh3 Nxe4+ 23. Kf1 Nxc3 24. bxc3 Kb8 25. Bg2 e5 26. Nd4 Ng6 27. Nf5
Nf4 28. Be4 Rh8 29. Re3 Bc8 30. Ng3 f5 31. Bc2 Rh2 32. Kg1 Rg2+ 33. Kh1 Rxf2
34. Bxf5 Bxf5 35. Nxf5 1-0

[Event "Festival de Calviá 2016 - Aficionados"]
[Site "Calvia ESP"]
[Date "2016.10.16"]
[Round "9.48"]
[White "Cassidy, Sydney"]
[Black "Mackay, Ian W"]
[Result "0-1"]
[WhiteElo "1583"]
[BlackElo "1667"]
[PlyCount "68"]
[EventDate "2016.10.08"]
[EventType "swiss"]
[EventRounds "9"]
[EventCountry "ESP"]
[SourceTitle "Ajedrez en Madrid"]
[Source "lmi"]
[SourceDate "2016.10.08"]

1. d4 Nf6 2. Nf3 e6 3. c4 b6 4. g3 Ba6 5. b3 c5 6. Bg2 Bb7 7. O-O cxd4 8. Qxd4
Bc5 9. Qd2 O-O 10. Ba3 Na6 11. Bxc5 Nxc5 12. Nc3 d5 13. cxd5 Nxd5 14. Rfd1 Qf6
15. Nb5 Rfd8 16. Qg5 Ba6 17. Qxf6 gxf6 18. Nbd4 Nc3 19. Rdc1 Nd5 20. Bf1 Rac8
21. e3 Bxf1 22. Kxf1 Ne4 23. Kg2 Nb4 24. a3 Nd3 25. Rxc8 Rxc8 26. b4 Ndxf2 27.
Ne1 Rc3 28. Kf3 a6 29. Ra2 e5 30. Nf5 Kf8 31. a4 Rc4 32. Nc2 Nd3 33. b5 a5 34.
Nfd4 Ng5+ 0-1

[Event "Festival de Calviá 2016 - Aficionados"]
[Site "Calvia ESP"]
[Date "2016.10.16"]
[Round "9.49"]
[White "Steinschuld, Jo"]
[Black "Taborda Cembalo, Luciano"]
[Result "1/2-1/2"]
[WhiteElo "1605"]
[BlackElo "1603"]
[PlyCount "56"]
[EventDate "2016.10.08"]
[EventType "swiss"]
[EventRounds "9"]
[EventCountry "ESP"]
[SourceTitle "Ajedrez en Madrid"]
[Source "lmi"]
[SourceDate "2016.10.08"]

1. e4 e5 2. Nf3 Nc6 3. Bb5 a6 4. Ba4 Nf6 5. d3 b5 6. Bb3 Be7 7. O-O O-O 8. c3
d6 9. Nbd2 Na5 10. Bc2 c5 11. Re1 Bb7 12. Nf1 Re8 13. Ne3 Bf8 14. Nf5 Bc8 15.
Ng3 h6 16. h3 Nc6 17. Nd2 d5 18. Ndf1 d4 19. Nh2 Be6 20. Ng4 Nxg4 21. hxg4 Qh4
22. Nf5 Bxf5 23. gxf5 Be7 24. Qf3 Qf6 25. Qg3 Qh4 26. Qf3 Qf6 27. Qg3 Qh4 28.
Qf3 Qf6 1/2-1/2

[Event "Festival de Calviá 2016 - Aficionados"]
[Site "Calvia ESP"]
[Date "2016.10.16"]
[Round "9.50"]
[White "Torres Mari, Juan"]
[Black "Ferrer Agus, Rodrigo"]
[Result "1/2-1/2"]
[WhiteElo "1693"]
[BlackElo "1337"]
[PlyCount "64"]
[EventDate "2016.10.08"]
[EventType "swiss"]
[EventRounds "9"]
[EventCountry "ESP"]
[SourceTitle "Ajedrez en Madrid"]
[Source "lmi"]
[SourceDate "2016.10.08"]

1. d4 Nf6 2. c4 g6 3. Nc3 Bg7 4. e4 d6 5. Nf3 O-O 6. Be2 Nbd7 7. O-O c5 8. d5
Nb6 9. Qc2 Bg4 10. Be3 Bxf3 11. gxf3 Qd7 12. Kh1 Ne8 13. Rg1 f5 14. exf5 Qxf5
15. Ne4 Nf6 16. Rg5 Qd7 17. Rag1 Kh8 18. R5g2 Nxe4 19. fxe4 Rf7 20. Bg4 Qc7 21.
Be6 Rf3 22. Bg4 Rf7 23. Rg3 Raf8 24. Qe2 Be5 25. Rh3 Bf4 26. Bxf4 Rxf4 27. f3
Nd7 28. b3 Ne5 29. Qb2 R8f6 30. Qc3 Nxg4 31. Rxg4 Rxg4 32. fxg4 Kg8 1/2-1/2

[Event "Festival de Calviá 2016 - Aficionados"]
[Site "Calvia ESP"]
[Date "2016.10.16"]
[Round "9.51"]
[White "Vicens Pons, Antoni"]
[Black "Nettleton, Robin"]
[Result "1/2-1/2"]
[WhiteElo "1380"]
[BlackElo "1288"]
[PlyCount "73"]
[EventDate "2016.10.08"]
[EventType "swiss"]
[EventRounds "9"]
[EventCountry "ESP"]
[SourceTitle "Ajedrez en Madrid"]
[Source "lmi"]
[SourceDate "2016.10.08"]

1. e4 e5 2. Nf3 Nc6 3. Bc4 Bc5 4. c3 d6 5. d4 Bb6 6. O-O Bd7 7. d5 Nce7 8. Ng5
h6 9. Nf3 Ng6 10. Qd3 Qe7 11. a4 a6 12. b4 Nf6 13. Be3 Bxe3 14. Qxe3 Nf4 15.
Nbd2 Ng4 16. Qe1 g5 17. b5 a5 18. b6 Rc8 19. bxc7 Rxc7 20. Bb5 b6 21. Bxd7+
Qxd7 22. c4 Nd3 23. Qb1 Nb4 24. h3 Nf6 25. Kh2 Nh5 26. g3 g4 27. Ng1 Ng7 28.
hxg4 Qxg4 29. Qb3 h5 30. f3 Qg5 31. Rad1 h4 32. g4 Qf4+ 33. Kh1 h3 34. Ne2 Qg5
35. Kh2 f6 36. Rg1 Rh4 37. Nf1 1/2-1/2

[Event "Festival de Calviá 2016 - Aficionados"]
[Site "Calvia ESP"]
[Date "2016.10.16"]
[Round "9.52"]
[White "Aguado Doncel, Pablo Luis"]
[Black "Coll Verger, Amador"]
[Result "1-0"]
[WhiteElo "1514"]
[BlackElo "1596"]
[PlyCount "89"]
[EventDate "2016.10.08"]
[EventType "swiss"]
[EventRounds "9"]
[EventCountry "ESP"]
[SourceTitle "Ajedrez en Madrid"]
[Source "lmi"]
[SourceDate "2016.10.08"]

1. d4 d5 2. c4 c6 3. Nc3 Nf6 4. Nf3 Bf5 5. cxd5 cxd5 6. Qb3 Bc8 7. Bg5 Nc6 8.
Bxf6 exf6 9. Qxd5 Be6 10. Qxd8+ Rxd8 11. e3 Nb4 12. Kd2 a6 13. a3 Nc6 14. Bd3
Na5 15. Ke2 Bg4 16. h3 Bxf3+ 17. Kxf3 Bd6 18. Ke2 O-O 19. b4 Nc6 20. Rac1 Rfe8
21. Kd2 g6 22. Ne4 Kg7 23. Nc5 Bxc5 24. bxc5 f5 25. g3 Na5 26. Rb1 Re7 27. h4
Red7 28. Rhc1 Nc6 29. Rc4 Ne5 30. Rcb4 Nxd3 31. Kxd3 Rc7 32. Ke2 Rdd7 33. a4
Re7 34. Kd3 Red7 35. Kc4 Kh6 36. d5 g5 37. hxg5+ Kxg5 38. Kd4 Re7 39. d6 Re4+
40. Kd5 Rc8 41. Rxe4 fxe4 42. Rxb7 Kf6 43. c6 Re8 44. c7 Re5+ 45. Kc6 1-0

[Event "Festival de Calviá 2016 - Aficionados"]
[Site "Calvia ESP"]
[Date "2016.10.16"]
[Round "9.55"]
[White "Baldo Company, Jordi"]
[Black "Febrero Perez, Lluis"]
[Result "1-0"]
[WhiteElo "1708"]
[BlackElo "1586"]
[PlyCount "67"]
[EventDate "2016.10.08"]
[EventType "swiss"]
[EventRounds "9"]
[EventCountry "ESP"]
[SourceTitle "Ajedrez en Madrid"]
[Source "lmi"]
[SourceDate "2016.10.08"]

1. e4 e5 2. Nf3 Nc6 3. Bc4 Be7 4. O-O Nf6 5. Re1 O-O 6. c3 d6 7. d4 exd4 8.
cxd4 d5 9. exd5 Nxd5 10. Nc3 Be6 11. Bd3 Bf6 12. Be4 Nce7 13. Ng5 Bxg5 14. Bxg5
f6 15. Bh4 Bf5 16. Nxd5 Bxe4 17. Nxe7+ Qxe7 18. f3 Bxf3 19. Qb3+ Qf7 20. Qxf3
c6 21. b3 Rad8 22. Rad1 Rd5 23. Re4 Rfd8 24. Qe3 Kf8 25. Re1 R5d7 26. Qc3 h6
27. Qc5+ Kg8 28. Re7 Rxe7 29. Rxe7 Qg6 30. Qc4+ Kf8 31. Rxb7 Qb1+ 32. Qf1 Qe4
33. Bxf6 Qe3+ 34. Kh1 1-0